01876nam a22002177a 450000500170000000800410001704000290005804100080008708200120009510000390010724501550014625000220030126001020032330000550042549000560048050002810053650507730081750600210159065000240161170000230163520150529130037.0150528s1925 ag ||||fr|||| 001 0 sp d cSandra YazodSandra Yazo0 aspa04220a9821 aEstrada, José Manuel d1842-189410aLecciones sobre la historia de la república ArgentinabDadas publicamente en 1869cpor José Manuel Estrada ; Prólogo del doctor Carlos Ibarguren aTercera edición aBuenos Aires (Argentina)bEditorial científica y literaria Argentina Anastasio Martínezc1925 a2 volúmes (xvi, 392 ; 463 páginas)c23 x 16 cm aObras completas de José Manuel EstradavTomo 2, 3 aEncuadernación rígida en cartón forrado en papel. Lomo en tela encolada y adornos en dorado. Guardas en papel impreso. Grabado del autor. Anteportada. Portada impresa en una sola tinta. Texto en una columna. Algunas notas al pie de página. Raspaduras sobre las tapas.2 aV.1: Prólogo / Carlos Ibarguren ; Advertencia ; Introducción ; Condiciones políticas y fuerzas sociales de España hasta el siglo XV ; Descubrimiento del Nuevo Mundo ; Ideas generales de la conquista ; Colonización ; Organización colonia ; Problema económico ; La literatura, las ciencias y las artes en el Rio de la Plata ; Fisonomía social de la colonia a principios del siglo XIX ; Preludios de la revolución -- V.2: Emancipación y revolución (1810-1813) ; De la idea de la independencia ; Gobierno de Álvarez Thomas ; Congreso de Tucumán ; Disolución de la nacionalidad (1819 – 1821) ; Dispersión provincial (1821 – 1824) ; La república Unitaria (1824 – 1827) ; Guerra civil (1827 – 1835) ; Tiranía de Rosas (1835 – 1852) aConsulta en sala 7aHistoriazArgentina1 aIbarguren, Carlos